000 00614pam a2200217 a 4500
001 1897033
005 20171228033449.0
008 840912s1985 nyua b 001 0 eng
010 _a 84020969
020 _a0471896845 :
_c$69.95
040 _aDLC
_cDLC
_dDLC
041 _aeng
080 _a629.892 NOF
082 0 0 _a629.892 NOF
_219
100 _a27
101 _aENG
245 0 0 _aHandbook of industrial robotics /
_cShimon Y. Nof, editor ; with a foreword by Isaac Asimov.
504 _aIncludes bibliographies and index.
906 _a7
_bcbc
_corignew
_d1
_eocip
_f19
_gy-gencatlg
942 _2ddc
_cBK
999 _c39506
_d39506